00628nam a2200241Ia 4500008004100000020001400041050001100055050001400066100002500080245004600105245002800151260001000179260001600189260000900205300001600214300002000230300001000250500004800260650002200308650002600330700001100356999001900367170711s9999 xx 000 0 und d a812928423 a616.85 bP622 1997 aPierre, Peggy Claude 4aThe secret language of eating disorders / cby Peggy Claude-Pierre. aUSA : bTime Books, c1997 a288 pages : billustrations ; c24cm. aIncludes bibliographic reference and index. aEating disorders. aSelf-esteem in women. aTitle. c339665d339665